MARC

LEADER 00000nam0a2200000 4500
001 126864
005 20231101220023.0
020 |a RU  |b 86-102627 
035 |a (RuTPU)RU\TPU\book\137232 
090 |a 126864 
100 |a 20071205d1986 m y0rusy5003 ca 
101 0 |a rus 
102 |a RU 
105 |a a z 000ay 
200 1 |a Педагогическая поэма  |e [Роман]  |f А. С. Макаренко 
210 |a Москва  |c Московский рабочий  |d 1986 
215 |a 638,[2] с.  |c ил.  |d 21 см 
225 1 |a Библиотека Московского рабочего 
610 0 |a Детские исправительные трудовые колонии (х. л.) 
610 0 |a Беспризорные дети (х. л.) 
610 0 |a Педагоги в СССР (х. л.) 
610 0 |a Коммунистическое воспитание (х. л.) 
675 |a Р2  |z rus 
700 1 |a Макаренко  |b А. С.  |c российский педагог  |c писатель  |f 1888-1939  |g Антон Семенович  |2 stltpush  |3 (RuTPU)RU\TPU\pers\13261  |9 3934 
801 0 |a RU  |b RuMRKP  |c 19950417  |g psbo 
801 1 |a RU  |b 63413507  |c 20071205  |g PSBO 
801 2 |a RU  |b 63413507  |c 20071205  |g PSBO 
942 |c BK